| 000 | 00925nam a2200253Ia 4500 | ||
|---|---|---|---|
| 003 | GCL | ||
| 008 | 140319s9999 xx 000 0 ara d | ||
| 040 |
_aGCL / _cGCL |
||
| 082 | 0 | 4 |
_a925.74 _bم ف |
| 100 | 1 | _aمحمد عمادالدين اسماعيل (مترجم) | |
| 245 | 1 | 0 |
_aفى ذكرى بياجية اضواء على حياة بياجية وانجازاته العلمية / _cمحمد عمادالدين اسماعيل (مترجم) |
| 700 | 1 | _aمحمد احمد غالى | |
| 700 | 1 | _aحامد عبد العزيز الفقى | |
| 700 | 1 | _aعبدالرحيم عبدالله صالح | |
| 260 |
_a[S.N] : _bمنشورات مجلة العلوم الاجتماعية |
||
| 300 | _a117 ص | ||
| 490 | _a | ||
| 650 | 0 | 4 | _aالاطفال |
| 650 | 0 | 4 | _aعلم النفس |
| 650 | 0 | 4 | _aالوراثة ، علم |
| 650 | 0 | 4 | _aعلم النفس الارتقائى |
| 650 | 0 | 4 | _aبياجية |
| 942 |
_2ddc _cBK |
||
| 999 |
_c36183 _d36183 |
||